<?xml version="1.0" encoding="UTF-8"?>
<record
    xmlns:xsi="http://www.w3.org/2001/XMLSchema-instance"
    xsi:schemaLocation="http://www.loc.gov/MARC21/slim http://www.loc.gov/standards/marcxml/schema/MARC21slim.xsd"
    xmlns="http://www.loc.gov/MARC21/slim">

  <leader>00941    a2200205   4500</leader>
  <datafield tag="999" ind1=" " ind2=" ">
    <subfield code="c">6464</subfield>
    <subfield code="d">6464</subfield>
  </datafield>
  <controlfield tag="005">20190423130511.0</controlfield>
  <datafield tag="010" ind1=" " ind2=" ">
    <subfield code="a">HIN-80616</subfield>
  </datafield>
  <datafield tag="020" ind1=" " ind2=" ">
    <subfield code="a">8180590577</subfield>
    <subfield code="c">250.00</subfield>
  </datafield>
  <datafield tag="035" ind1=" " ind2=" ">
    <subfield code="a">HN-52962, B-243098</subfield>
  </datafield>
  <datafield tag="035" ind1=" " ind2=" ">
    <subfield code="a">B-243089</subfield>
  </datafield>
  <datafield tag="037" ind1=" " ind2=" ">
    <subfield code="b">D.B.Act / pub</subfield>
  </datafield>
  <datafield tag="082" ind1=" " ind2=" ">
    <subfield code="a">305.231</subfield>
  </datafield>
  <datafield tag="100" ind1=" " ind2=" ">
    <subfield code="a">&#x92E;&#x93F;&#x936;&#x94D;&#x930;&#x93E;, &#x906;&#x930;.&#x90F;&#x938;.</subfield>
  </datafield>
  <datafield tag="245" ind1=" " ind2=" ">
    <subfield code="a">&#x92C;&#x93E;&#x932;-&#x935;&#x93F;&#x915;&#x93E;&#x938;&#x903;&#x938;&#x92E;&#x938;&#x94D;&#x92F;&#x93E;&#x90F;&#x901; &#x90F;&#x935;&#x902; &#x938;&#x92E;&#x93E;&#x927;&#x93E;&#x928;</subfield>
    <subfield code="c">&#x906;&#x930;.&#x90F;&#x938;.&#x92E;&#x93F;&#x936;&#x94D;&#x930;&#x93E;</subfield>
  </datafield>
  <datafield tag="246" ind1=" " ind2=" ">
    <subfield code="a">Bal-Vikaas:samasyaen evam samadhan</subfield>
    <subfield code="b">by R.S.Mishra</subfield>
  </datafield>
  <datafield tag="260" ind1=" " ind2=" ">
    <subfield code="a">&#x926;&#x93F;&#x932;&#x94D;&#x932;&#x940;</subfield>
    <subfield code="b">&#x936;&#x94D;&#x930;&#x940; &#x92A;&#x94D;&#x930;&#x915;&#x93E;&#x936;&#x928;</subfield>
    <subfield code="c">2007</subfield>
  </datafield>
  <datafield tag="270" ind1=" " ind2=" ">
    <subfield code="a">&#x90F;-402, &#x935;&#x93F;&#x926;&#x94D;&#x92F;&#x941;&#x924; &#x905;&#x92A;&#x93E;&#x930;&#x94D;&#x91F;&#x92E;&#x947;&#x928;&#x94D;&#x91F; 81 &#x906;&#x908;.&#x92A;&#x940;.&#x90F;&#x915;&#x94D;&#x938;&#x91F;&#x947;&#x902;&#x936;&#x928; &#x92A;&#x91F;&#x92A;&#x921;&#x93C;&#x917;&#x902;&#x91C;</subfield>
    <subfield code="b">&#x926;&#x93F;&#x932;&#x94D;&#x932;&#x940;</subfield>
    <subfield code="e">110092</subfield>
  </datafield>
  <datafield tag="300" ind1=" " ind2=" ">
    <subfield code="a">223&#x92A;&#x943;</subfield>
    <subfield code="c">22&#x938;&#x947;&#x92E;&#x940; (&#x938;&#x91C;&#x93F;&#x932;&#x94D;&#x926;)</subfield>
  </datafield>
  <datafield tag="942" ind1=" " ind2=" ">
    <subfield code="a">dpl</subfield>
    <subfield code="c">HN</subfield>
    <subfield code="k">305.231 / &#x92E;&#x93F;&#x936;&#x94D;&#x930;&#x93E;&#x906;</subfield>
    <subfield code="2">ddc</subfield>
    <subfield code="h">305.231</subfield>
    <subfield code="m"> &#x92E;&#x93F;&#x936;&#x94D;&#x930;&#x93E;&#x906;</subfield>
  </datafield>
  <datafield tag="952" ind1=" " ind2=" ">
    <subfield code="0">0</subfield>
    <subfield code="1">0</subfield>
    <subfield code="4">0</subfield>
    <subfield code="7">0</subfield>
    <subfield code="a">DBAD</subfield>
    <subfield code="b">DBAD</subfield>
    <subfield code="d">2008-09-11</subfield>
    <subfield code="g">250.00</subfield>
    <subfield code="l">0</subfield>
    <subfield code="o">305.231  &#x92E;&#x93F;&#x936;&#x94D;&#x930;&#x93E;&#x906;</subfield>
    <subfield code="p">HN-52962</subfield>
    <subfield code="r">2008-09-15 00:00:00</subfield>
    <subfield code="t">1</subfield>
    <subfield code="u">6955</subfield>
    <subfield code="v">250.00</subfield>
    <subfield code="w">2008-09-15</subfield>
    <subfield code="y">HN</subfield>
  </datafield>
  <datafield tag="952" ind1=" " ind2=" ">
    <subfield code="0">0</subfield>
    <subfield code="1">0</subfield>
    <subfield code="4">0</subfield>
    <subfield code="7">0</subfield>
    <subfield code="8">NFIC</subfield>
    <subfield code="a">ZLS</subfield>
    <subfield code="b">ZLS</subfield>
    <subfield code="d">2012-03-20</subfield>
    <subfield code="g">250.00</subfield>
    <subfield code="l">0</subfield>
    <subfield code="o">305.231  &#x92E;&#x93F;&#x936;&#x94D;&#x930;&#x93E;&#x906;</subfield>
    <subfield code="p">B-243089</subfield>
    <subfield code="r">2012-03-20 00:00:00</subfield>
    <subfield code="v">250.00</subfield>
    <subfield code="w">2012-03-20</subfield>
    <subfield code="y">HN</subfield>
  </datafield>
  <datafield tag="952" ind1=" " ind2=" ">
    <subfield code="0">0</subfield>
    <subfield code="1">0</subfield>
    <subfield code="4">0</subfield>
    <subfield code="7">0</subfield>
    <subfield code="8">NFIC</subfield>
    <subfield code="a">BL4</subfield>
    <subfield code="b">BL4</subfield>
    <subfield code="d">2019-04-23</subfield>
    <subfield code="e">BPPD/PUB</subfield>
    <subfield code="g">250.00</subfield>
    <subfield code="l">0</subfield>
    <subfield code="o">305.231  &#x92E;&#x93F;&#x936;&#x94D;&#x930;&#x93E;&#x906;</subfield>
    <subfield code="p">B-243098</subfield>
    <subfield code="r">2019-04-23 00:00:00</subfield>
    <subfield code="v">250.00</subfield>
    <subfield code="w">2019-04-23</subfield>
    <subfield code="y">HN</subfield>
  </datafield>
</record>
